000 00679nam a22002411 4500
001 sa 68003730
003 DLC
005 20260227112455.0
008 710903s1967 ii b 00000 eng
010 _asa 68003730
025 _aPL480:I-E-8650
050 0 _aPK2040
_b.K29
082 _a891.3
100 1 0 _aKalla, Kanhaiya Lal.
245 1 4 _aThe influence of yoga philosophy on Hindi poetry.
260 0 _aDehradun,
_bSahitya Sadan
_c[1967]
300 _a192 p.
_c23 cm.
350 _aRs15
500 _a"Thesis accepted for PH.D. of Jodhpur University."
504 _aBibliography: p. [189]-192.
650 0 _aHindi poetry
_xHistory and criticism.
650 0 _aYoga.
999 _c79706
_d79706